01254 2200193 4500001002100000005001500021035002000036245005600056100001800112250001700130300003200147260003300179082001000212084001600222020002200238650001800260520074300278500003901021INLIS00000000000070220240929060938 a0010-09240000211 aSistem Penjernihan Air Tradisional /cSuparman, Ama0 aSuparman, Ama acetakan ke-1 aiv, 58 hlm :bIlus ;c21 cm aJakarta :bAzka Press,c2006 a628.1 a628.1 SUP s a978-979-744-480-5 4aAir/Teknologi aAir merupakan kebutuhan dasar yang sangat penting bagi kehidupan, misalnya untuk mandi, mencuci, masak, dan minum. Pada sebagian daerah, ketersediaan air bersih dan sehat tidak menjadi masalah seperti di kota-kota besar menggunakan air PDAM atau daerah yang banyak sumber mata airnya.Akan tetapi, pada daerah yang tidak memiliki keduanya, seperti daerah pedesaan atau pelosok, kebutuhan air tergantung pada air sungai yang keruh, rawa-rawa, atau paya-paya. Oleh karena itu, perlu dilakukan teknologi tepat guna di bidang penyaringan air. Misalnya, dengan teknik penyaringan air bersih dengan menggunakan bahan yang mudah didapat, teknik sederhana dan biaya murah. Sehingga dapat membantu keluarga di daerah pedesaan memperoleh air bersih. aSeri Keterampilan Teknik Sederhana